Statystyki dla Rozpoznaj grę po recenzji Steam #1

Kliknij tutaj aby rozwiązać quiz!

Ogólne statystyki

  • Ten quiz został rozwiązany 22 razy
  • Średni wynik to 4 z 20

Statystyki odpowiedzi

RecenzjaTytuł gry% Poprawnych
Polecam wszystkim którzy się zastanawiają jak to jest łączyć kabelki bez rąkAmong Us
70%
można ryć w ziemi przez 1000 godzin i dalej mi się to nie nudzi.Terraria
60%
Chłopcze!God of War
55%
fajne tylko szkoda że nie można pomalować sufitu za pomocą strzelby i swojej głowyHouse Flipper 2
40%
księżniczka na końcu oddaje 😎🤙Jump King
40%
Ja pie*dole jaka ♥♥♥♥♥♥♥♥♥ fura ku*wa drzwi do góry się podnoszą. Przód ku*wa kilka centymetrów. TY! szczur się nie przeciśnie. Ku*wa jego mać! Od razu sprząta wszystko. Ja pie*dole jaka fura... Ty to jest Civic? Ku*wa mać, komu się tak chciało robić? Ty... Dobra to jeszcze tylko tył. Ale wydechy...Forza Horizon 5
35%
Jedyny minus to ta wtopa z optymalizacją, gra była nie grywalna, kilka aktualizacji później grało się przyjemnie, lecz dużo jest jeszcze do poprawy. Co do gry to Sony jest numerem 1 pod względem fabuły, super opowiedziana historia, grafika miodna a gameplay jeszcze lepszy. [...]The Last of Us Part I
25%
Świetnie zrobiony remake. Graficzne prezentuje się mega dobrze oraz dodano bardzo dużo zawartości względem wersji z 2008 roku. Nic tylko zagrać i świetnie się przy tym bawić.Dead Space
20%
Jak to pokazałem na uczelni to mi dali tytuł inżyniera za zdrutowanie takiego mostu że rozpadł się dopiero jak wszyscy pojechali, polecamBridge Constructor Portal
15%
Jest masturbujący się kanibalOutlast
15%
>Minusy: -Dużo komuchów >Plusy: -Dużo martwych komuchówAtomic Heart
10%
Miał być darmowy tydzień a jest demko na max kilka godzin rozgrywki gdzie nawet nie da się świata poznać... Steam zrobił event z ogrywania dema gry XDDiablo IV
5%
kosteczko kosteczko powiedz przecie kto sie nie pierd0ln!e w bambuko (wiem ze sie nie rymuje ale myslalem nad tym 5 min) ( tak naprawde myslalem 30sekund) (a na serio to w ogole nie myslalem) (mam schizofrenie)Geometry Dash
5%
Można grać Piotrem Maciejczakiem, mi się podoba.Lies of P
5%
Kiedy grałem sekiro myślałem że gra jest najbardziej dynamiczną grą souls-like ale się myliłem ![...]Nioh 2 - The Complete Edition
5%
Można bezkarnie bić oraz strzelać do kobiet. Polecam gorąco.Rust
5%
Tak dobra, że mając ją na PS4 kupiłem i tu by w końcu cieszyć się dobrą grafiką a nie paskudnym peasantowym blurem i low framerate.Control Ultimate Edition
0%
Zrobilem robotowi glowe w ksztalcie znaku 3 rzeszy polecamDyson Sphere Program
0%
Gra fenomenalna pod każdym względem. Zagadki jakie nas spotkają to coś pięknego - dodatkowo można a nawet trzeba nauczyć się alfabetu stworzonego przez twórców.Fez
0%
W Falmouth wszyscy przerażeni, Bo z Orientu nikt nie wrócił, Co się tutaj w ogóle działo, Kto tych ludzi skłócił.Return of the Obra Dinn
0%

Rozkład punktacji

Percentyl według liczby udzielonych odpowiedzi

Procent ludzi z każdym wynikiem

Twoja historia wyników

Nie rozwiązałeś tego quizu